000 02704nim a22004332i 4500
005 20200320221459.0
007 sd fungnnuuneu
008 181202s2019 nnnn ## n eng d
020 _a9780062941596 :
_55.99
040 _beng
_erda
_dCTMM
082 0 4 _a[FIC]
100 1 _aSalvatore, R. A.
_95785485
245 1 0 _aBoundless
_h[sound recording] /
_cR. A. Salvatore.
250 _aUnabridged.
264 2 _aOld Saybrook, Connecticut :
_bwww.micromarketing.org
264 1 _a[New York, New York?] :
_b[Harper Audio],
_c[2019].
300 _a11 sound discs (approximately N/A hours) :
_bdigital, CD audio ;
_c4 3/4 in.
336 _aspoken word
337 _aaudio
338 _aaudio disc
344 _adigital
_boptical
_2rda
347 _aaudio file
_bCD audio
_2rda
490 1 _aA Drizzt novel ;
_v2
500 _a[Typographic symbols and accents removed for systems compatibility.]
511 1 _aRead by Victor Bevine.
520 _aZaknafein had always been conflicted. Only his status as one of the greatest warriors, as well as his friendship with the mercenary Jarlaxle, kept him sane. When he finally perished, he was content knowing he left behind a legacy as substantial as his son Drizzt. Except someone isn't ready for Zaknafein to be dead. And now he's back, hundreds of years later, in a world he doesn't recognize. His son's companions are not the prideful, and bigoted, males the drow warrior was accustomed to in his previous life. Drizzt's circle includes dwarves, elves, and, perhaps worst of all, a human wife. Struggling to navigate this transformed new world, Zaknafein realizes that some things have not changed: the threat of demons and the machinations of a drow matron no longer content with her family's position in the ranks of Houses. Though he has been displaced in time, Zaknafein is still a warrior. And no matter what prejudices he must overcome, he knows he will do his duty and fight by Drizzt's side.
588 _aTitle and description based on researched data; resource not viewed.
650 0 _aElves
_vFiction.
_95673898
650 0 _aDemonology
_vFiction.
_95677070
655 7 _aAudiobooks.
_2lcgft
_96008473
655 7 _aFantasy fiction.
_2lcgft
_96008474
655 7 _aAction and adventure fiction.
_2lcgft
_96008475
700 1 _aBevine, Victor,
_enarrator.
_95730390
800 1 _aSalvatore, R. A.,
_d1959-
_tDrizzt novel.
_96008476
942 _cCD
_02
948 _a08/15/2019
_b10/07/2019
_zSirsi
949 _nwww.MicroMarketing.org 800-229-9887
996 _a168814
_b34301001647371
_cCD
_dCD
_ewcl
_fi
_g2
_h31.99
_i.CIRCNOTE. 11 discs
_lMicroMarketing
_mSal
_p10/07/2019
_q11/01/2019
_r10/21/2019
999 _c320970
_d320969